Paravicini, Werner, 1942-. Die Preußenreisen des europäischen Adels ; 2 . - Sigmaringen : Thorbecke. - 1995 [Rezension]
| Titel: | Paravicini, Werner, 1942-. Die Preußenreisen des europäischen Adels ; 2 . - Sigmaringen : Thorbecke. - 1995 [Rezension] |
|---|---|
| Verfasser: | |
| In: |
Revue historique, Band 121 / 297, Heft 602 (1997), Seite 271-277 alle Artikel anzeigen |
| Veröffentlicht: | 1997 |
| Format: | Aufsatz |
| Sprache: | Französisch |
X
alg: 39505385 001A $01999:12-11-16 001B $01999:04-08-21 $t21:03:19.000 001D $01999:12-11-16 001U $0utf8 001X $00 002@ $0Aox 003@ $0395053854 007A $0395053854 $aHEB 007T $0Herd07395 010@ $afre 011@ $a1997 021A $aParavicini, Werner, 1942-. Die @Preußenreisen des europäischen Adels ; 2 . - Sigmaringen : Thorbecke. - 1995 [Rezension] 028A $aDubois $dHenri 031A $d121 / 297 $e602 $h271-277 $j1997 039B $aIn $8--Abvc--. Revue historique. - Paris : Presses Univ. de France, 1876-. - ISSN 0035-3264 $x199700001210602729 $9047310693 039T $8--Afu--Paravicini, Werner$Z1942- [Tp1]. Die @Preußenreisen des europäischen Adels ; 2. - Sigmaringen : Thorbecke, (1995). - 345 S.. - Ill.. - ISBN 3-7995-7348-8 $9033979359 045F $a900.94793 $eDDC23BSB 045F/01 $a900 045F/03 $g4793 045F/03 $g4382 045F/03 $g43832 045T $a8 lok: 39505385 78 exp: 39505385 78 1 #EPN 201B/01 $018-11-16 $t13:36:17.000 201U/01 $0utf8 203@/01 $079135248X 208@/01 $a12-11-16 $be 209A/01 $a/ $f000 $x00 220C/01 $aTitelaufnehmer: nk 244Z/01 $2Trx $#Prusy Wschodnie i Zachodnie $8--Trx--Ost- und Westpreußen $x01 $939113373X 244Z/01 $2Trx $#Litauen $#Lithuania $#Litwa $#Litva $#Litva $8--Trx--Lietuva $x02 $9391193457 244Z/01 $2Trx $#arvustused $#recenzijos $#Reviews $#recenziók $#recenzje $#recenzie $#recenze $8--Trx--Rezensionen $x03 $9391357441 247C/01 $82080>Marburg/Lahn, Herder-Institut, Forschungsbibliothek, Bibliographieportal $9336309341
| LEADER | 00000caa a22000002c 4500 | ||
|---|---|---|---|
| 001 | 395053854 | ||
| 003 | DE-603 | ||
| 005 | 20210804210319.0 | ||
| 007 | tu | ||
| 008 | 161112s1997 xx |||| | u00||u|fre c | ||
| 035 | |a (DE-599)HEB395053854 | ||
| 040 | |a DE-603 |b ger |c DE-603 |d DE-603 | ||
| 041 | |a fre | ||
| 082 | 0 | 4 | |8 1\u |a 900.94793 |q DE-101 |2 23/BSB |
| 084 | |a 8 |2 ssgn | ||
| 085 | |8 1\u |b 900 | ||
| 085 | |8 1\u |z 2 |s 4793 | ||
| 085 | |8 1\u |z 2 |s 4382 | ||
| 085 | |8 1\u |z 2 |s 43832 | ||
| 100 | 1 | |a Dubois, Henri | |
| 245 | 0 | 0 | |a Paravicini, Werner, 1942-. Die Preußenreisen des europäischen Adels ; 2 . - Sigmaringen : Thorbecke. - 1995 [Rezension] |
| 264 | 0 | |c 1997 | |
| 773 | 0 | 8 | |i In |t Revue historique |d Paris : Presses Univ. de France, 1876- |x 0035-3264 |g Band 121 / 297, Heft 602 (1997), Seite 271-277 |w (DE-603)047310693 |w (DE-600)209825-8 |
| 787 | 0 | 8 | |i Rezension von |a Paravicini, Werner, 1942- |t Die Preußenreisen des europäischen Adels ; 2 |d Sigmaringen : Thorbecke, (1995) |h 345 S., Ill. |z 3799573488 |w (DE-603)033979359 |
| 924 | 0 | |9 2080 |a (DE-603)79135248X |b DE-2080 |c HES |d d |g / | |


